000
00466nam a2200133Ia 4500
008
100328s9999 xx 000 0 und d
082
_b
58493
100
_a
बोरवणकर निलिमा.
245
_a
पंचतारांकित दुनियेत.
260
_b
उन्मेष.
630
_a
पंचतारांकित दुनियेत.
730
_a
पंचतारांकित दुनियेत.
942
_c
BOOK
999
_c
544823
_d
544820